| 000 | 02126nam a2200313 i 4500 | ||
|---|---|---|---|
| 003 | OSt | ||
| 005 | 20210202093600.0 | ||
| 008 | 200326s9999 XX 000 0 und d | ||
| 020 | _a9789587578096 | ||
| 040 |
_aCO-BoRNBP _bspa _erda _cCO-BoRNBP |
||
| 041 | _aspa | ||
| 082 |
_2JC _aESPA |
||
| 100 | 1 | _aEspaña Arenas, Gonzalo, 1945- | |
| 245 | 0 |
_aLos mejores relatos de la independencia de América _c Gonzalo España Arenas |
|
| 250 | _a1819-2019 Bicentenario | ||
| 264 | 1 |
_aBogotá : _b Intermedio, _c 2019 |
|
| 300 |
_a166 páginas : _b il. _c21 cm |
||
| 336 |
_atexto _btxt _2rdacontent |
||
| 337 |
_asin mediación _bn _2rdamedia |
||
| 338 |
_avolumen _bnc _2rdacarrier |
||
| 500 | _aLas gestas independentistas de los países americanos fueron procesos complejos que abarcaron más o menos una década de sucesos y acciones imposibles de recopilar en su totalidad. Comúnmente nos asomamos a una vista general de los hechos, que resume los acontecimientos más importantes de los principales actores en unas pocas páginas. Sin embargo, cada una de esas empresas libertadoras estuvo compuesta por innumerables episodios y detalles, en apariencia insignificantes, pero decisivos, de los cuales poco se habla en aquellos sumarios. Algunos de ellos se constituyen en divertidas anécdotas, en ocasiones protagonizadas por figuras secundarias, cuya contribución a las causas emancipadoras fue fundamental.Los relatos que componen este libro son una exquisita selección de aquellas anécdotas, recreadas con la vitalidad y luminosidad que solo la buena narrativa puede otorgar a hechos sepultados en el pasado y rescatados por los ojos curiosos y ávidos de un apasionado lector de viejos libros de historia. | ||
| 650 | 1 | 7 | _aAutores colombianos |
| 650 | 1 | 7 | _aBandoleros - cuento |
| 650 | 1 | 7 | _aDesde los 12 años |
| 650 | 1 | 7 | _aPiratas - cuento |
| 651 | _aAmerica del sur - historia - cuento | ||
| 740 | _aAquí mando yo \ Obstinada locura \ La alarma de campeche \ El fracaso del plan de Maltrata \ Garantía de calidad \ Cabra para semilla \ El asalto de Mossoró \ La voluntad del Justo Juez | ||
| 942 | _cBKLIT | ||
| 999 |
_c12948 _d12948 |
||